000
00335cam a2200157ua 4500
041
_a
mal
_h
082
_a
928.23
_b
SAR/WO
100
_a
Satre, Jeanpaul .
245
_a
Words
260
_a
London :
_b
Hamish hamilton ,
_c
1964.
300
_a
173 ; .
504
_a
650
_a
Reading / writing
942
_c
BK
999
_c
450
_d
450